000 00710nam a2200229 4500
003 OSt
005 20260530113854.0
008 260520b1999 |||ao||| |||| 00| 0 eng d
040 _aICI
_bspa
_cICI
050 _aHD1696.S6
_bI58 1999
245 1 0 _aInterdesign:
_b'99 Water South African Report
264 1 _bICSID and SABS Design Institute
_c1999
300 _a40 páginas
336 _atexto
_2rdacontent
337 _asin medio
_2rdamedia
338 _avolumen
_2rdacarrier
650 _aAgua
_xAdministración
_zSudáfrica
_931584
650 _aDiseño ambiental
_931585
650 _aDesarrollo sustentable
_zSudáfrica
_931586
650 _aRecursos hidráulicos
_xPlaneación
_931587
942 _2lcc
_cBK
_n1
999 _c11573
_d11573